00739nam a2200241 a 4500001001300000003000900013005001700022008004100039020002300080082001900103100001600122245007900138260002600217300000900243500003500252505002000287650002200307700001600329902000800345942000700353952012000360999001700480nice12345678IN_TiNIC20260116013828.0050524s1997 leia grp 000 0 eng  a9004428 c10000a346.62015bSHA aShaham, Ron aFamily and the Courts in Modern Egyptb a Study Based on Decisions Byn the aLeiden bBrill c1997 a262p aincludes index and biblioraphy2 aGlossary, Index aIslamic-Law Egypt1 aShaham, Ron bSRS cBK 001040708StackRoom-aHMIbHMId2007-09-12g100.00l0o346.62015 SHAp017398r2007-09-12v100.00w2005-05-24yBK c12709d12709